000 00592nam a2200145Ia 4500
008 170221s9999 xx 000 0 und d
100 _aLomendra Vencataya
245 _aAssessing the Impact of Supply Chain Management on Competitive Advantage and Operational Performance: A Case of Four Star Hotels of Mauritius
245 _cLomendra Vencataya, Ashley Keshwar Seebaluck, Deveshika Doorga
260 _bInternational Review of Management and Marketing
260 _c2016
300 _a6 : 4S
650 _xMarketing.
856 _uhttp://www.econjournals.com/index.php/irmm/issue/view/77
999 _c308120
_d308120